Kadra PSG w Lidze Mistrzów 2019/2020 - Statystyki

Ogólne statystyki
  • Ten quiz został rozwiązany 114 razy
  • Średni wynik to 18 z 25
Statystyki odpowiedzi
pozycja # kraj piłkarz % Poprawnych
B 1 Kostaryka Keylor Navas
97%
N 10 Brazylia Neymar
96%
N 7 Francja Kylian Mbappe
93%
B 30 Polska Marcin Bułka
92%
P 6 Włochy Marco Verratti
90%
N 9 Urugwaj Edinson Cavani
87%
P 11 Argentyna Angel Di Maria
85%
O 5 Brazylia Marquinhos
83%
O 3 Francja Presnel Kimpembe
81%
N 18 Argentyna Mauro Icardi
79%
O 2 Brazylia Thiago Silva
78%
P 23 Niemcy Julian Draxler
77%
trener - Niemcy Thomas Tuchel
77%
O 14 Hiszpania Juan Bernat
72%
B 16 Hiszpania Sergio Rico
72%
P 8 Argentyna Leandro Paredes
70%
O 4 Niemcy Thilo Kehrer
70%
O 12 Belgia Thomas Meunier
69%
N 17 Kamerun Eric Maxim Choupo Moting
66%
P 27 Senegal Idrissa Gueye
64%
P 19 Hiszpania Pablo Sarabia
58%
P 21 Hiszpania Ander Herrera
56%
O 20 Francja Layvin Kurzawa
45%
O 22 Francja Abdou Diallo
31%
O 31 Francja Colin Dagba
30%
Nie znaleziono quizów pasujących do podanych kryteriów
Rozkład punktacji
Procent ludzi z każdym wynikiem
Percentyl według liczby udzielonych odpowiedzi
Twoja historia wyników
Nie rozwiązałeś tego quizu